Stochastic analysis of groundwater level time series in the Western United States.

Bibliographic Details
Main Author: Law, Albert G.
Corporate Authors: National Science Foundation (U.S.), Colorado State University. Department of Civil Engineering
Format: Book
Language:English
Published: Fort Collins : Colorado State University, 1974.
Series:Hydrology papers ; no. 68.
Subjects:

MARC

Tag First Indicator Second Indicator Subfields
LEADER 00000cam a2200000 4500
001 in00000581213
005 20151014083019.0
008 740917s1974 xx 00010 engmu
035 |a (OCoLC)01013171 
035 |9 ACQ2452AM 
040 |c TRL  |d m.c.  |d m/c  |d TXA  |d UtOrBLW 
049 1 |a TXA2 
090 |a GB653  |b .H9 no. 68 
100 1 |a Law, Albert G. 
245 1 0 |a Stochastic analysis of groundwater level time series in the Western United States. 
264 1 |a Fort Collins :  |b Colorado State University,  |c 1974. 
300 |a v, 26 pages :  |b maps, tables. 
336 |a text  |b txt  |2 rdacontent 
337 |a unmediated  |b n  |2 rdamedia 
338 |a volume  |b nc  |2 rdacarrier 
490 1 |a Colorado State University. Hydrology papers,  |v no. 68 
500 |a Conducted with the support of the U.S. National Science Foundation under grants GR-11444 and GK-11564. 
650 0 |a Groundwater  |z West (U.S.) 
650 0 |a Stochastic processes. 
650 0 |a Groundwater. 
650 0 |a Stochastic analysis. 
710 2 |a National Science Foundation (U.S.) 
710 2 |a National Science Foundation (U.S.).  |g Grant GR-11444. 
710 2 |a National Science Foundation (U.S.).  |g Grant GK-11564. 
710 2 |a Colorado State University.  |b Department of Civil Engineering. 
830 0 |a Hydrology papers ;  |v no. 68. 
999 |a MARS 
999 f f |s 7492c263-e4a6-37aa-ae8b-6072e724b6a7  |i b09a9b87-a854-35e5-b098-47bd507259fa  |t 0 
952 f f |p ric  |a Texas A&M University  |b Rellis Campus  |c Joint Library Facility  |d Remote Storage  |t 0  |e GB653 .H9 no. 68  |h Library of Congress classification  |i unmediated -- volume  |m A14810811434 
998 f f |a GB653 .H9 no. 68  |t 0  |l Remote Storage